Statistics for Ultimate Cast to Actor Quiz

Click here to take the quiz!

General Stats

  • This quiz has been taken 200 times
    (194 since last reset)
  • The average score is 28 of 60

Answer Stats

RoleActor/Actress% Correct
Maverick (Top Gun)Tom Cruise
80%
Ethan HuntTom Cruise
80%
Sheriff WoodyTom Hanks
75%
Forrest GumpTom Hanks
75%
Harry PotterDaniel Radcliffe
73%
Spider-Man (2016)Tom Holland
73%
The TerminatorArnold Schwarzenegger
72%
Conan the BarbarianArnold Schwarzenegger
72%
Hermione GrangerEmma Watson
70%
DeadpoolRyan Reynolds
70%
Batman (2008)Christian Bale
68%
Willy Wonka (2005)Johnny Depp
68%
Spider-Man (2012)Andrew Garfield
67%
Indiana JonesHarrison Ford
67%
Spider-Man (2002)Tobey Maguire
67%
James Bond (Skyfall)Daniel Craig
64%
AquamanJason Momoa
64%
Ricky BobbyWill Ferrell
63%
Ron BurgundyWill Ferrell
63%
Buddy the ElfWill Ferrell
63%
The Joker (Dark Knight)Heath Ledger
59%
Batman (2016)Ben Affleck
57%
Katniss EverdeenJennifer Lawrence
57%
Harley Quinn (Suicide Squad)Margot Robbie
57%
Maleficent (2014)Angelina Jolie
56%
Batman (1989)Michael Keaton
56%
Black PantherChadwick Boseman
55%
Princess LeiaCarrie Fisher
50%
Mary PoppinsJulie Andrews
47%
Kevin McallisterMacaulay Culkin
45%
Gandalf the GrayIan McKellen
44%
Willy Wonka (1971)Gene Wilder
43%
Django FreemanJamie Foxx
43%
John McClaneBruce Willis
42%
Voldemort (Movies 4-7)Ralph Fiennes
41%
Luke HobbsDwayne Johnson
40%
Jack DawsonLeonardo DiCaprio
40%
FrozoneSamuel L. Jackson
40%
Oskar SchindlerLiam Neeson
39%
Tony MontanaAl Pacino
38%
Dorothy GaleJudy Garland
37%
P.T. BarnumHugh Jackman
36%
Ted (Bear)Seth MacFarlane
34%
Jack TorranceJack Nicholson
32%
Monty PythonJohn Cleese
31%
Brian O'ConnerPaul Walker
30%
Cade YeagerMark Wahlberg
28%
Pennywise (2017)Bill Skårsgard
27%
Fred Jones (Live Action Scooby Doo)Freddie Prinze Jr.
26%
Rose Dewitt-ButakerKate Winslet
23%
The White Witch (Narnia)Tilda Swinton
23%
Peeta MellarkJosh Hutcherson
21%
Pennywise (1990)Tim Curry
21%
Laurie StrodeJamie Lee Curtis
19%
Percy JacksonLogan Lerman
18%
Spongebob SquarepantsTom Kenny
15%
Beatrice "Tris" PriorShailene Woodley
13%
The Wicked Witch of the WestMargaret Hamilton
12%
Greg HeffleyZachary Gordon
9%
Rex WallsWoody Harrelson
6%

Score Distribution

Percentile by Number Answered

Percent of People with Each Score

Your Score History

You have not taken this quiz since the last reset